Fibonacci numbers

Saved in:
Bibliographic Details
Main Author: Vorob'ev, N. N (Author)
Format: Book
Language:English
Published: Nueva York Blaisdell 1961
Series:Popular Lectures in Mathematics Series, 2
Subjects:
Tags: Add Tag
No Tags, Be the first to tag this record!

MARC

LEADER 00000nam a2200000 a 4500
001 UCN4489
003 CL-VaPUC
008 010803e19610000US |||||||||||||||||eng|d
082 0 4 |a 512.72  |b VOR  |2 21 
100 0 |a Vorob'ev, N. N  |e author  |9 460958 
245 1 0 |a Fibonacci numbers 
300 |a 66 p 
942 |c BK 
945 |d 20010803 00:00:00  |a cmena 
260 |a Nueva York  |b Blaisdell  |c 1961 
650 0 |a Teoría de números  |9 265327 
650 7 |a NUMEROS DE FIBONACCI  |2 CL-VaPUC  |9 424701 
583 |a last modification  |c 20010803 00:00:00  |k Rodrigo Vera 
490 0 |a Popular Lectures in Mathematics Series, 2 
999 |c 296723  |d 296721 
952 |0 0  |1 0  |4 0  |6 512_720000000000000_VOR_1961  |7 0  |8 A  |9 350809  |a BIBMAT  |b BIBMAT  |d 2019-11-20  |i 3743810  |o 512.72 VOR 1961  |p 3743810  |r 2025-01-07  |w 2019-11-20  |y BK  |k MAT